000 00858nam a2200265 i 4500
003 DO-SdBNP
005 20241021092516.0
007 ta
008 240904b2000 dr ||||| |||| 00| 0 spa d
020 _a9993400726
040 _aDO-SdBNP
_bspa
_cBNPHU
_erda
082 4 _222
100 1 _aKury, Farid,
_d1962-
_eautor
_4aut.
_933990
245 1 0 _aJuan Bosch, entre el exilio y el golpe de Estado /
_cFarid Kury ; prólogo, Miguel Solano
264 1 _aSanto Domingo :
_bEditorial Cocolo,
_c2000.
300 _a214 páginas ;
_c23 cm.
336 _atexto
_btxt
_2rdacontent
337 _asin mediación
_bn
_2rdamedia
338 _avolumen
_bnc
_2rdacarrier
500 _aIncluye datos biográficos del autor en las solapas
590 _aInventariado, 2024/BT
700 1 _aSolano, Miguel,
_eprologista
_4pról.
_91543
910 _aBtavárez
942 _2ddc
_cLBS1
999 _c57630
_d57630